00697nam a2200241 a 4500001001300000003000900013005001700022008004100039020002300080082001600103100002000119245002500139260004900164300001000213500003500223505001800258650001000276700002000286902000800306942000700314952011700321999001700438nice12345678IN_TiNIC20260116014729.0140312s2012 dela grp 000 0 eng  a9789380963372c90000a364.6bPRA1 aPramanik, Amita aCrime and Inequality aDelhi bSignature Books International c2012 a276p  aincludes index and biblioraphy2 abiblio, index aCrime1 aPramanik, Amita bSRS cBK 001040708StackRoom-aHMIbHMId2014-03-12g900.00l0o364.6 PRA1p024457r2014-03-12v900.00w2014-03-12yBK c16687d16687